Culture Générale - Série 1982 - Statistiques

Statistiques générales
  • Ce quiz a été pris 98 fois
  • Le résultat moyen est 4 sur 10
Statistiques - réponses
Question Réponse % Correct
Quel sigle en 3 lettres désigne un système de navigation par satellite ? GPS
90%
Mot de 7 lettres commençant par "m" et synonyme de "lettre,pli,billet,dépêche,message" missive
65%
Quel est le nom poétique de l'Eire ? Erin
52%
Dans quel département français se trouve la ville de Riom ? Puy-de-Dôme
52%
Quel était le prénom de Monsieur Colt à qui l'on doit l'invention du revolver appelé colt ? Samuel
30%
Comment appelle-t-on une poignée de porte au Canada, Belgique et certaines régions de France (Est,Normandie) ? clenche
26%
C'est un instrument de musique médiévale et Renaissance ressemblant à un violon et dont l'anagramme est "berce" rebec
24%
Quel nom donne-t-on au cerf lorsqu'il est âgé de six mois à un an, avant qu'il ne devienne daguet ? hère
12%
Lorsqu'il pousse un cri, le crocodile "lamente" ou .... vagit
10%
Comment s'appelle le grand port de plaisance de La Rochelle (17) ? voir photo Les Minimes
6%
Aucun quiz correspondant
Distribution des résultats
% des personnes avec chaque résultat
Percentile par nombre de réponses
Votre historique - résultats
Vous n’avez pas pris ce quiz